Temas de defensa penal (Registro nro. 17714)

Detalles MARC
000 -LDR (LÍDER)
Campo de control de longitud fija 01599nam a2200325 a 4500
003 - IDENTIFICADOR DEL NÚMERO DE CONTROL
Campo de control CO-PeBPR
005 - FECHA Y HORA DE LA ÚLTIMA TRANSACCIÓN
Campo de control 20260417100156.0
008 - ELEMENTOS DE DATOS DE LONGITUD FIJA--INFORMACIÓN GENERAL
Campo de control de longitud fija 260415e2014 ck a|||| n||| 00| 0 spa c
020 ## - Código Internacional normalizado para libros
Código Internacional normalizado para libros 9789588571959
040 0# - FUENTE DE CATALOGACIÓN
Agencia catalogadora original CO-PeBPR
Idioma de la agencia catalogadora spa
Agencia que transcribe CO-PeBPR
Norma para la descripción rda
041 0# - Código del Idioma
Código idioma del recurso original spa
082 04 - NÚMERO DE CLASIFICACIÓN DECIMAL DEWEY
Número de clasificación 345.8 T278t
245 10 - MENCIÓN DE TÍTULO
Título propiamente dicho Temas de defensa penal
Subtítulo o título paralelo : Tomo I
Mención de responsabilidad / Coordinación de Jorge Armando Otálora Gómez, Esiquio Manuel Sánchez Herrera, Manuel Fernando Moya Vargas
250 ## - MENCIÓN DE EDICIÓN
Mención de edición Primera edición
264 #1 - Área de la Producción Publicación, Distribución, Manufactura, etc.
Lugar de publicación, distribución, etc. Bogotá, Colombia
Nombre de la editorial, distribuidor, etc. : Defensoría del Pueblo
Fecha de publicación, distribución, etc. , 2014
300 ## - DESCRIPCIÓN FÍSICA
Extensión 445 páginas
Dimensiones ; 23 centímetros
336 ## - Tipo de Contenido
Tipo de contenido texto
Código de tipo de contenido txt
Fuente rdacontenido
337 ## - Tipo de Medio
Tipo de Medio sin mediación
Código de tipo de medio n
Fuente rdamedio
338 ## - Tipo de Soporte
Tipo de soporte volumen
Código de tipo de soporte nc
Fuente rdasoporte
500 ## - NOTA GENERAL
Nota general Incluye índice.
520 ## - NOTA DE RESUMEN, ETC.
Nota de sumario La Defensoría del Pueblo en el desempeño de su función constitucional de velar por la promoción, el ejercicio y la divulgación de los derechos humanos es la defensoría pública y, particularmente, la que se ejerce en el ámbito del derecho penal. Para un correcto funcionamiento del servicio que presta resulta vital la adecuada preparación y capacitación de los defensores públicos, aspecto en el cual la entidad ha realizado importantes esfuerzos.
650 14 - ASIENTO SECUNDARIO DE MATERIA - TÉRMINO TEMÁTICO
Fuente del encabezado o término LEMB
Encabezamiento temático Derecho penal
650 14 - ASIENTO SECUNDARIO DE MATERIA - TÉRMINO TEMÁTICO
Fuente del encabezado o término LEMB
Encabezamiento temático Procedimiento penal
650 14 - ASIENTO SECUNDARIO DE MATERIA - TÉRMINO TEMÁTICO
Fuente del encabezado o término LEMB
Encabezamiento temático Acción y defensa (Derecho)
650 14 - ASIENTO SECUNDARIO DE MATERIA - TÉRMINO TEMÁTICO
Fuente del encabezado o término LEMB
Encabezamiento temático Criminología
Subdivisión geográfica Colombia
700 1# - ASIENTO SECUNDARIO - NOMBRE PERSONAL
Nombre personal Sánchez Herrera, Esiquio Manuel
Término de relación, rol en la obra coordinador
700 1# - ASIENTO SECUNDARIO - NOMBRE PERSONAL
Nombre personal Moya Vargas, Manuel Fernando
Término de relación, rol en la obra coordinador
700 1# - ASIENTO SECUNDARIO - NOMBRE PERSONAL
Nombre personal Otálora Gómez, Jorge Armando
Término de relación, rol en la obra coordinador
942 ## - ENTRADA DE ELEMENTOS AGREGADOS (KOHA
Fuente de clasificación o esquema de estantería. Dewey Decimal Classification
Tipo de ítem Libro
Existencias
Estado de pérdida Fuente del sistema de clasificación o colocación Estado de daño No disponible para préstamo Colección Biblioteca de origen Biblioteca actual Ubicación en estantería Signatura topográfica completa Ejemplar Código de barras Tipo de ítem Fecha de adquisición Fuente de adquisición Total de pagos Fecha de la última vez visto
  Dewey Decimal Classification     General Biblioteca Pública Departamental Comfamiliar Risaralda Biblioteca Pública Departamental Comfamiliar Risaralda Área General 345.8 T278t Ej.1 RIBPD15305 Libro 17/04/2026 Dotación MinCultura y BNC   17/04/2026